<?xml version="1.0" encoding="UTF-8"?>
<record
    xmlns:xsi="http://www.w3.org/2001/XMLSchema-instance"
    xsi:schemaLocation="http://www.loc.gov/MARC21/slim http://www.loc.gov/standards/marcxml/schema/MARC21slim.xsd"
    xmlns="http://www.loc.gov/MARC21/slim">

  <leader>0117700m0a22002530004500</leader>
  <controlfield tag="003">EG-GiCUC</controlfield>
  <controlfield tag="008">081106s1982    sy b   g      001 0 ara d</controlfield>
  <datafield tag="040" ind1=" " ind2=" ">
    <subfield code="a">EG-GiCUC</subfield>
    <subfield code="b">ara</subfield>
    <subfield code="c">EG-GiCUC</subfield>
  </datafield>
  <datafield tag="043" ind1=" " ind2=" ">
    <subfield code="a">*qa***</subfield>
    <subfield code="a">ar*****a</subfield>
  </datafield>
  <datafield tag="092" ind1="0" ind2="4">
    <subfield code="a">636.084309536</subfield>
    <subfield code="b">S5626</subfield>
    <subfield code="2">21</subfield>
  </datafield>
  <datafield tag="099" ind1=" " ind2=" ">
    <subfield code="a">04</subfield>
    <subfield code="a">636.084309536 S5626</subfield>
  </datafield>
  <datafield tag="100" ind1="1" ind2=" ">
    <subfield code="a">&#x627;&#x644;&#x634;&#x648;&#x631;&#x628;&#x62C;&#x649; : &#x645;&#x635;&#x637;&#x641;&#x649; &#x627;&#x62D;&#x645;&#x62F;</subfield>
  </datafield>
  <datafield tag="245" ind1="1" ind2="2">
    <subfield code="a">&#x627;&#x644;&#x62D;&#x635;&#x631; &#x627;&#x644;&#x627;&#x648;&#x644;&#x649; &#x644;&#x644;&#x645;&#x648;&#x627;&#x631;&#x62F; &#x627;&#x644;&#x631;&#x639;&#x648;&#x64A;&#x629; &#x627;&#x644;&#x637;&#x628;&#x64A;&#x639;&#x64A;&#x629; &#x641;&#x649; &#x62F;&#x648;&#x644; &#x627;&#x644;&#x62E;&#x644;&#x64A;&#x62C; &#x648;&#x627;&#x644;&#x62C;&#x632;&#x64A;&#x631;&#x629; &#x627;&#x644;&#x639;&#x631;&#x628;&#x64A;&#x629;.</subfield>
    <subfield code="n">3&#x62F;&#x648;&#x644;&#x629; &#x642;&#x637;&#x631;/</subfield>
    <subfield code="c">&#x645;&#x635;&#x637;&#x641;&#x649; &#x627;&#x62D;&#x645;&#x62F; &#x627;&#x644;&#x634;&#x648;&#x631;&#x628;&#x62C;&#x649;</subfield>
  </datafield>
  <datafield tag="260" ind1=" " ind2=" ">
    <subfield code="a">&#x62F;&#x645;&#x634;&#x642;:</subfield>
    <subfield code="b">&#x627;&#x644;&#x645;&#x631;&#x643;&#x632; &#x627;&#x644;&#x639;&#x631;&#x628;&#x649; &#x644;&#x62F;&#x631;&#x627;&#x633;&#x627;&#x62A; &#x627;&#x644;&#x645;&#x646;&#x627;&#x637;&#x642; &#x627;&#x644;&#x62C;&#x627;&#x641;&#x629; &#x648;&#x627;&#x644;&#x627;&#x631;&#x627;&#x636;&#x649; &#x627;&#x644;&#x642;&#x627;&#x62D;&#x644;&#x629;:&#x627;&#x62F;&#x631;&#x627;&#x629; &#x627;&#x644;&#x62F;&#x631;&#x627;&#x633;&#x627;&#x62A; &#x627;&#x644;&#x646;&#x628;&#x627;&#x62A;&#x64A;&#x629;:&#x642;&#x633;&#x645; &#x62F;&#x631;&#x627;&#x633;&#x627;&#x62A; &#x627;&#x644;&#x645;&#x631;&#x627;&#x639;&#x649;:</subfield>
    <subfield code="c">1982</subfield>
  </datafield>
  <datafield tag="300" ind1=" " ind2=" ">
    <subfield code="a">102:39&#x635;:</subfield>
    <subfield code="b">&#x62E;&#x631;&#x627;&#x626;&#x637;&#x61B;</subfield>
    <subfield code="c">29&#x633;&#x645;</subfield>
  </datafield>
  <datafield tag="500" ind1=" " ind2=" ">
    <subfield code="a">&#x64A;&#x634;&#x62A;&#x645;&#x644; &#x639;&#x644;&#x649; &#x643;&#x634;&#x627;&#x641;</subfield>
  </datafield>
  <datafield tag="650" ind1=" " ind2="7">
    <subfield code="a">&#x627;&#x644;&#x645;&#x631;&#x627;&#x639;&#x649;</subfield>
    <subfield code="z">&#x634;&#x628;&#x647; &#x627;&#x644;&#x62C;&#x632;&#x64A;&#x631;&#x629; &#x627;&#x644;&#x639;&#x631;&#x628;&#x64A;&#x629;</subfield>
    <subfield code="2">qrmak</subfield>
  </datafield>
  <datafield tag="650" ind1=" " ind2="7">
    <subfield code="a">&#x627;&#x644;&#x645;&#x631;&#x627;&#x639;&#x649;</subfield>
    <subfield code="z">&#x642;&#x637;&#x631;</subfield>
    <subfield code="2">qrmak</subfield>
  </datafield>
  <datafield tag="902" ind1=" " ind2=" ">
    <subfield code="a">1</subfield>
  </datafield>
  <datafield tag="905" ind1=" " ind2=" ">
    <subfield code="a">&#x62C;&#x64A;&#x647;&#x627;&#x646;</subfield>
    <subfield code="e">&#x645;&#x631;&#x627;&#x62C;&#x639;</subfield>
  </datafield>
  <datafield tag="905" ind1=" " ind2=" ">
    <subfield code="a">&#x645;&#x646;&#x649;</subfield>
    <subfield code="e">&#x645;&#x62F;&#x62E;&#x644;</subfield>
  </datafield>
  <datafield tag="942" ind1=" " ind2=" ">
    <subfield code="2">ddc</subfield>
    <subfield code="c">BK</subfield>
  </datafield>
  <datafield tag="999" ind1=" " ind2=" ">
    <subfield code="c">110982</subfield>
    <subfield code="d">110982</subfield>
  </datafield>
  <datafield tag="952" ind1=" " ind2=" ">
    <subfield code="2">ddc</subfield>
    <subfield code="7">0</subfield>
    <subfield code="a">CUCL</subfield>
    <subfield code="b">cl410</subfield>
    <subfield code="d">2024-02-11</subfield>
    <subfield code="o">636.084309536 S5626 K.B.</subfield>
    <subfield code="p">01000103000999000</subfield>
    <subfield code="r">2024-06-23 00:00:00</subfield>
    <subfield code="t">C.1</subfield>
    <subfield code="y">BK</subfield>
  </datafield>
</record>
